00715nam a2200205 a 450000100080000000500110000800800410001902200140006010000210007424500920009526000440018730000110023149000450024252000990028765000180038665000260040470000310043070000260046170000220048715972802010-01-18 2000 bl uuuu u0uu1 u #d a1517-84981 aCORBIA, A. C. G. aStaphylococcus aureusbimportância para a saída pública e aspectos epidemiológicos. aSeropédica: Embrapa Agrobiologiac2000 a 15 p. a(Embrapa Agrobiologia. Documentos, 114). aCaracterísticas do staphylococcus aureus. Intoxicação alimentar: aspectos epidemiólogicos. aEpidemiologia aStaphylococcus Aureus1 aNASCIMENTO, M. da G. F. do1 aOLIVEIRA, C. Z. F. de1 aNASCIMENTO, E. R.